Statistics for Generator Dash #9

Click here to take the quiz!

General Stats

  • This quiz has been taken 105 times
  • The average score is 8 of 11

Answer Stats

HintAnswer% Correct
Without light (4)Dark
100%
Place to buy croissants (6)Bakery
95%
Penniless (5)Broke
91%
Made inquiries (5)Asked
90%
Sounded a canine alarm (6)Barked
82%
Male duck (5)Drake
79%
English walled city (4)York
68%
Leave a ship (6)Debark
50%
Hebridean isle (4)Skye
45%
9-Letter WordKEYBOARDS
39%
Ladies' fingers (4)Okra
23%

Score Distribution

Percentile by Number Answered

Percent of People with Each Score

Your Score History

You have not taken this quiz